| 000 | 00406nam a22001697a 4500 | ||
|---|---|---|---|
| 005 | 20160625103714.0 | ||
| 008 | 160625b xxu||||| |||| 00| 0 eng d | ||
| 020 | _a81-7273-211-2 | ||
| 041 | _aeng | ||
| 082 | _b9992 | ||
| 100 |
_aNath, Shyam _92696 |
||
| 245 | _aNews. Audiances and Everyday life | ||
| 260 |
_bAuthors Press _c2005 |
||
| 300 | _a318 | ||
| 650 |
_aMass Communication _92660 |
||
| 942 | _cBK | ||
| 999 |
_c3938 _d3937 |
||